Albums by Arcade Fire - Statistics

General Stats
  • This quiz has been taken 53 times
    16 since last reset
  • The average score is 6 of 7
Answer Stats
Year Album % Correct
2004 Funeral
100%
2010 The Suburbs
100%
2007 Neon Bible
94%
2013 Reflektor
88%
2017 Everything Now
69%
2025 Pink Elephant
63%
2022 We
56%
No matching quizzes found
Score Distribution
Percent of People with Each Score
Percentile by Number Answered
Your Score History
You have not taken this quiz since the last reset